La inclusión del factor ambiental en la Auditoría de Estados Contables

Guardado en:
Detalles Bibliográficos
Autor principal: Gutfraind, Jorge
Otros Autores: Gubba, Hugo, Rodriguez, Rubén Darío, Villamarzo, Ricardo
Formato: Desconocido
Aporte de:Registro referencial: Solicitar el recurso aquí
LEADER 00466 a2200145 4500
001 ART_6901
005 20260410161719.0
008 260409a
245 1 0 |a La inclusión del factor ambiental en la Auditoría de Estados Contables 
100 1 |a Gutfraind, Jorge 
700 1 |a Gubba, Hugo 
700 1 |a Rodriguez, Rubén Darío 
700 1 |a Villamarzo, Ricardo 
773 0 |t Contabilidad y auditoría  |g - Año 5, Nº 10 (dic. 1999)  |w REV1723 
999 |c 16824  |d 16824